| 000 | 01179nmm a2200313 a 4500 | ||
|---|---|---|---|
| 001 | ocm0002146168 | ||
| 003 | TR-IsHL | ||
| 005 | 20201028182039.0 | ||
| 008 | 190123s2018 tu tur | ||
| 007 | cr cn | ||
| 020 | _a9786052811542 | ||
| 035 |
_a2146168 _b(N$T) |
||
| 050 | 0 | 4 |
_aHF5686.H75 _bK66 2018 |
| 090 | 0 | 4 |
_aHF5686.H75 _bK66 2018 |
| 245 | 1 | 0 |
_aKonaklama işletmelerinde maliyet, kontrol süreci ve oda-mönü maliyetlerinin belirlenmesi: Denizli'deki küçük ölçekli bir konaklama işletmesinde uygulama _h[electronic resource] / _cyayına hazırlayan Umut Tolga Gümüş |
| 250 | _a1. Baskı | ||
| 260 |
_aİstanbul : _bHiperlink Yayınları, _c2018 |
||
| 300 | _a226 p. | ||
| 500 | _aKaynakça var | ||
| 650 | 4 | _aİşletme ve Yönetim | |
| 650 | 4 | _aBusiness Management | |
| 650 | 0 |
_aKonaklama endüstrisi _x Pazarlama |
|
| 650 | 0 |
_aHospitality industry _x Marketing |
|
| 650 | 0 | _aMaliyet muhasebesi | |
| 650 | 0 | _aCost accounting | |
| 650 | 7 |
_aBUSINESS & ECONOMICS / Marketing / Research _2bisacsh |
|
| 700 | 1 | _aGümüş, Umut Tolga | |
| 856 | 4 | 0 | _uhttp://search.ebscohost.com/login.aspx?direct=true&scope=site&db=e011xww&AN=2146168 |
| 999 |
_c19885 _d19885 |
||